Khoáng sản miền Nam

Guardat en:
Dades bibliogràfiques
Autor principal: Trần Kim Thạch
Format: Llibre
Idioma:Undetermined
Publicat: Sài Gòn Lửa Thiêng 1973
Matèries:
Etiquetes: Afegir etiqueta
Sense etiquetes, Sigues el primer a etiquetar aquest registre!
Thư viện lưu trữ: Trung tâm Học liệu Trường Đại học Cần Thơ
LEADER 00498nam a2200181Ia 4500
001 CTU_3303
008 210402s9999 xx 000 0 und d
082 |a 553 
082 |b Th102 
100 |a Trần Kim Thạch 
245 0 |a Khoáng sản miền Nam 
245 0 |c Trần Kim Thạch 
260 |a Sài Gòn 
260 |b Lửa Thiêng 
260 |c 1973 
650 |a mines and mineral resources 
904 |i Minh, 960905 
980 |a Trung tâm Học liệu Trường Đại học Cần Thơ